000 00428pab a2200169 454500
008 180718b2015 xxu||||| |||| 00| 0 eng d
100 _aPramanik, Ramchandra
245 _aMicrofinance and capacity building of rural poor: prospect and challenges
260 _c2015
300 _ap.36-38.
362 _aAug
650 _aRural poor
650 _aPoverty
650 _aCredit
773 _aKurukshetra
909 _a108565
999 _c108560
_d108560